Available copies
- 1 of 1 copy available at LARL/NWRL Consortium.
- 1 of 1 copy available at Northwest Regional Library. (Show preferred library)
Current holds
0 current holds with 1 total copy.
Show Only Available Copies
| Location | Call Number / Copy Notes | Barcode | Shelving Location | Status | Due Date |
|---|---|---|---|---|---|
| Hallock Public Library | e KE (Text) | 35500000398824 | Main | Available | - |
Record details
- ISBN: 0531026523 (lib. bdg.)
- Physical Description: [32] p. col. illus. 27 cm.
- Publisher: New York, F. Watts, 1973.
Content descriptions
| Summary, etc.: | Two friends almost give up their efforts to learn ... Read More |
Search for related items by subject
| Subject: | Roller skating > Fiction. |
| LDR | 00814cam a2200229 4500 | ||
|---|---|---|---|
| 001 | 7711 | ||
| 003 | LARL_NWRL_CONSORTIUM | ||
| 005 | 19831221201847.0 | ||
| 008 | 730416s1973 nyua j 000 1 eng | ||
| 010 | . | ‡a73006707 /AC | |
| 020 | . | ‡a0531026523 (lib. bdg.) ‡c$4.95 | |
| 035 | . | ‡a(OCoLC)622570 | |
| 040 | . | ‡aDLC ‡cDLC ‡dm.c. ‡dLAL | |
| 082 | . | ‡a[E] | |
| 092 | . | ‡aE ‡bK | |
| 100 | 1 | . | ‡aKeats, Ezra Jack. ‡0(LARL_NWRL_CONSORTIUM)62398 |
| 245 | 1 | 0. | ‡aSkates! |
| 260 | . | ‡aNew York, ‡bF. Watts, ‡c1973. | |
| 300 | . | ‡a[32] p. ‡bcol. illus. ‡c27 cm. | |
| 520 | . | ‡aTwo friends almost give up their efforts to learn to roller skate until they have an opportunity to help someone. | |
| 650 | 1. | ‡aRoller skating ‡vFiction. | |
| 901 | . | ‡a7711 ‡bOCLC ‡c7711 ‡tbiblio | |

Add to basket
Permalink
Enable Highlighting